| 000 | 01530nam a2200421 i 4500 | ||
|---|---|---|---|
| 001 | 4173 | ||
| 003 | KOSZ 005 | ||
| 005 | 20221125113230.0 | ||
| 008 | 970903s1990 pl a f f |000 0 pol | ||
| 015 | _aPB 1990/6187 | ||
| 040 |
_aWA N _cWA N _dKOSZ 005/HR |
||
| 046 | _k1990 | ||
| 080 | _a004.4'42 | ||
| 080 | _a004.31 | ||
| 080 | _a(075.8) | ||
| 100 | 1 |
_aStabrowski, Marek Maksymilian _d(1942- ) _eAutor |
|
| 245 | 1 | 0 |
_aLaboratorium układów techniki cyfrowej : _b18080, Z80, MC6800, MCS6502 / _cMarek Stabrowski, Jan Węgrzyn. |
| 260 |
_aWarszawa : _bWydawnictwa Politechniki Warszawskiej, _c1990. |
||
| 300 |
_a106, [1] s. : _brys. ; _c24 cm. |
||
| 336 |
_2rdacontent _aTekst _btxt |
||
| 337 |
_2rdamedia _aBez urządzenia pośredniczącego _bn |
||
| 338 |
_2rdacarrier _aWolumin _bnc |
||
| 380 | _aKsiążki | ||
| 388 | _a1901-2000 | ||
| 388 | _a1989-2000 | ||
| 504 | _aBibliogr. s. [107]. | ||
| 521 | _aSkrypt przeznaczony dla studentów specjalności Automatyka i Metrologia na Wydziale Elektrycznym. | ||
| 650 | 4 | _aAsemblery | |
| 650 | 4 | _aMikroprocesor | |
| 650 | 4 | _aUkład cyfrowy | |
| 655 | 4 | _aPodręczniki akademickie | |
| 658 | _aInformatyka i technologie informacyjne | ||
| 658 | _aInżynieria i technika | ||
| 700 | 1 |
_aWęgrzyn, Jan _c(elektronik) _eAutor |
|
| 710 | 2 |
_aWydawnictwa Politechniki Warszawskiej _4pbl. |
|
| 856 |
_uhttp://koha.tu.koszalin.pl/cgi-bin/koha/opac-detail.pl?biblionumber=4173 _yKatalog online BPK |
||
| 942 |
_2UKD _cKS |
||
| 999 |
_c4173 _d4173 |
||